Every Class 3 Illinois Senator - Statistics

General Stats
  • This quiz has been taken 32 times
  • The average score is 14 of 31
Answer Stats
Picture Hint Answer % Correct
D(2005-2008) Barack Obama
100%
D(1993-1999) Carol Moseley-Braun
100%
D(2017-) Tammy Duckworth
100%
R(2010-2017) Mark Kirk
86%
R(1951-1969) Everett McKinley Dirksen
71%
D(1970-1981) Adlai Stevenson III
57%
R(1999-2005) Peter Fitzgerald
57%
D(2009-2010) Roland Burris
57%
D(1981-1993) Alan J. Dixon
43%
R(1927-1928) Frank L. Smith
43%
CRR(1824-1825) John McLean
43%
R(1818-1824) Ninian Edwards
43%
R(1969-1970) Ralph Tyler Smith
43%
R(1873-1879) Richard J. Oglesby
43%
D(1939-1951) Scott W. Lucas
43%
R(1903-1909) Albert J. Hopkins
29%
R(1887-1891) Charles B. Farwell
29%
J(1825-1835) Elias K. Kane
29%
D(1849-1855) James Shields
29%
R(1879-1887) John A. Logan
29%
D(1891-1897) John McAuley Palmer
29%
R(1913-1921) Lawrence Y. Sherman
29%
R(1855-1873) Lyman Trumbull
29%
R(1928-1933) Otis F. Glenn
29%
D(1837-1843) Richard M. Young
29%
D(1843-1849) Sidney Breese
29%
R(1921-1927) William B. McKinley
29%
R(1897-1903) William E. Mason
29%
D(1933-1939) William H. Dieterich
29%
J(1835-1837) William Lee D. Ewing
29%
R(1909-1913) William Lorimer
29%
No matching quizzes found
Score Distribution
Percent of People with Each Score
Percentile by Number Answered
Your Score History
You have not taken this quiz